000 00295nam a2200121 a 4500
008 101027s1988|||| d
100 1 _aMoravčík, Štefan
245 1 0 _aSedláci
_bPróza nás hriešnych
260 _bSmena
_aBratislava
_c1988
020 _c21
041 _aslo
044 _axo
_cSK
999 _c12324
_d12324